相互接壤的人口多的地级行政区 - Statistics

General Stats
  • This quiz has been taken 42 times
  • The average score is 54 of 60
Answer Stats
省级行政区 地级行政区 % Correct
浙江省 杭州市
100%
浙江省 嘉兴市
100%
山东省 临沂市
100%
浙江省 宁波市
100%
山东省 青岛市
100%
江苏省 苏州市
100%
河北省 保定市
97%
河北省 邯郸市
97%
山东省 济南市
97%
山东省 济宁市
97%
河南省 开封市
97%
河南省 洛阳市
97%
河南省 南阳市
97%
浙江省 绍兴市
97%
河北省 石家庄市
97%
浙江省 温州市
97%
江苏省 无锡市
97%
湖北省 武汉市
97%
山东省 烟台市
97%
河南省 郑州市
97%
河南省 安阳市
93%
广东省 东莞市
93%
广东省 佛山市
93%
广东省 广州市
93%
河北省 廊坊市
93%
江苏省 南通市
93%
广东省 深圳市
93%
浙江省 台州市
93%
山东省 潍坊市
93%
江苏省 徐州市
93%
湖北省 黄冈市
90%
浙江省 金华市
90%
湖北省 荆州市
90%
山东省 聊城市
90%
河南省 商丘市
90%
河南省 新乡市
90%
河南省 信阳市
90%
江苏省 盐城市
90%
河北省 沧州市
87%
山东省 德州市
87%
福建省 福州市
87%
山东省 菏泽市
87%
福建省 泉州市
87%
山东省 泰安市
87%
陕西省 西安市
87%
河北省 邢台市
87%
河南省 周口市
87%
河南省 驻马店市
87%
广东省 惠州市
83%
河南省 平顶山市
83%
安徽省 宿州市
83%
陕西省 咸阳市
83%
湖北省 襄阳市
83%
安徽省 阜阳市
80%
黑龙江省 哈尔滨市
80%
吉林省 长春市
80%
湖南省 长沙市
77%
湖南省 岳阳市
70%
云南省 昆明市
67%
云南省 曲靖市
67%
No matching quizzes found
Score Distribution
Percent of People with Each Score
Percentile by Number Answered
Your Score History
You have not taken this quiz